Assessing latex glove allergenicity to promote product acceptance (Record no. 54529)

MARC details
000 -LEADER
fixed length control field 00508nam a2200157Ia 4500
100 ## - MAIN ENTRY--AUTHOR NAME
Personal name Yeang H Y
245 #0 - TITLE STATEMENT
Title Assessing latex glove allergenicity to promote product acceptance
260 ## - PUBLICATION, DISTRIBUTION, ETC. (IMPRINT)
Name of publisher IRRDB Symposium: Challenges for Natural Rubber in Globalization, 15-17 September 2003, Ching Mai, Thailand
650 ## - SUBJECT ADDED ENTRY--TOPICAL TERM
Topical Term Latex glove allergy
700 ## - ADDED ENTRY--PERSONAL NAME
Personal name Arif S A M
700 ## - ADDED ENTRY--PERSONAL NAME
Personal name Hamilton R G
700 ## - ADDED ENTRY--PERSONAL NAME
Personal name Loke Y H
700 ## - ADDED ENTRY--PERSONAL NAME
Personal name Raulf-Heimsoth M
942 ## - ADDED ENTRY ELEMENTS (KOHA)
Koha item type Journals
Holdings
Withdrawn status Lost status Damaged status Not for loan Home library Current library Shelving location Date acquired Koha item type
      Journals RRII Library RRII Library Rubber chemistry 17/12/2021 Journals